Responses for show #2612 - Tuesday, January 2, 1996

Contestants

Peter Knopp, a research and development technician from Minneapolis, Minnesota

Gareth Jones, a real estate appraiser from Visalia, California

Rima Rozen, a professor from Montreal, Canada (whose 1-day cash winnings total $7,650)

Jeopardy! Round responses

THE 1720s
ROOMS
POTPOURRI
THE WESTERN HEMISPHERE
BOTTOM DWELLERS
TOP MODELS
    $100 20
Ben Franklin

Peter
    $100 6
weight room

Rima
    $100 9
tin cans

Peter
    $100 1
Gulf of Mexico

Gareth
    $100 12
sponges

Peter
    $100 26
Cindy Crawford

Gareth
    $200 21
Easter Island

Rima
    $200 7
the parlor

Peter
    $200 10
Billy Graham

Peter
    $200 2
Greenland

Peter
    $200 13
catfish

Gareth
    $200 27
Claudia Schiffer

Peter
    $300 22
(J.S.) Bach

Rima
    $300 8
war room

Gareth
    $300 11
Kris Kringle

Gareth
    $300 3
Kingston

Rima
    $300 14
Mammoth Cave

Peter
    $300 28
Diet Coke

Gareth
    $400 23
Rob Roy

Peter
    $400 16
drawing room

Peter
    $400 18
wolf

Rima
    $400 4
(Rima: What is Panama?)

the Dominican Republic

Rima
Triple Stumper
    $400 15
lobster

Rima
    $400 29
Elle Macpherson

Peter
    $500 24
Sir Christopher Wren

Peter
    $500 17
solarium

Rima
    $500 19
ham (bacon)

Rima
    $500 5
Colombia

Rima
    $500 25
tube worns

Triple Stumper
    $500 30
Fabio

Rima

Scores at the first commercial break (after clue 15):

Rima Gareth Peter
$900 $900 $1,100

Scores at the end of the Jeopardy! Round:

Rima Gareth Peter
$3,300 $1,300 $3,100

Double Jeopardy! Round responses

AMERICAN HISTORY
THE MOVIES
TRAVEL U.S.A.
CHEMISTRY
WOMEN AUTHORS
PICASSO
    $200 1
the Mormon Church

Gareth
    $200 2
Wilt Chamberlain

Gareth
    $200 6
Newport

Rima
    $200 8
water

Peter
    $200 5
the White House

Gareth
    $200 26
blue

Rima
    $400 4
George Pickett

Rima
    $400 3
Oliver Stone

Peter
    $400 18
North Carolina

Rima
    $400 12
1

Rima
    $400 7
Roots

Gareth
    $400 27
over 20,000

Gareth
    $600 9
(Peter: What is the Constitutional Congress?)

the Constitutional Convention

GarethPeter
    $600 10
Dana Carvey

Rima
    $600 19
(Peter: What is North Carolina?)
(Rima: What is South Carolina?)

Mississippi

RimaGarethPeter
    $600 15
Am & Pm

Rima
    $600 11
George Eliot

Gareth
    $600 28
Paloma Picasso

Gareth
    $2,000 24
(Peter: What is riboflavin?)

vitamin E

Peter
    $800 22
(Rima: Who was Robert Wagner?)

Lionel Stander

RimaPeter
    $800 20
Mount Vernon

Gareth
    $800 16
density

Peter
    $800 13
Isak Dinesen

Triple Stumper
    $800 29
the Louvre

Gareth
    $1000 25
Robert La Follette

Peter
    $1000 23
Erich von Stroheim

Triple Stumper
    $1000 21
Judge Roy Bean

Gareth
    $1000 17
(Gareth: What is a radar gun?)

breathalyzer

GarethPeter
    $1,000 14
(Rima: Who was Sylvia Plath?)

Gertrude Stein

Rima
    $1000 30
(Rima: What was the Bolshoi?)

the Ballet Russes

Rima
Triple Stumper

Scores at the end of the Double Jeopardy! Round:

Rima Gareth Peter
$2,700 $6,700 $4,100

[wagering suggestions for these scores]

Final Jeopardy! Round responses

THE SUPREME COURT
RimaWho is Douglas?
$2,600
PeterWho is Earl Warren?
$1,300
GarethWho is Warren
$1,501
Warren Burger

Final scores:

Rima Gareth Peter
$100 $5,199 $2,800
3rd place: Samsung fax machine New champion: $5,199 2nd place: Bush home entertainment cabinet

Game dynamics:

Coryat scores:

Rima Gareth Peter
$3,700 $6,700 $6,100
17 R
(including 1 DD),
5 W
(including 1 DD)
18 R,
1 W
18 R,
3 W
(including 1 DD)

Combined Coryat: $16,500

The J! Archive is created by fans, for fans. The Jeopardy! game show and all elements thereof, including but not limited to copyright and trademark thereto, are the property of Jeopardy Productions, Inc. and are protected under law. This website is not affiliated with, sponsored by, or operated by Jeopardy Productions, Inc. Join the discussion at JBoard.tv.